000 01494nam0a2200325 4500
001 RU\NLR\bibl\436422
005 20260406080501.0
010 _a5-7107-7365-4
_910000
021 _aRU
_b2003-40893
_91944
035 _a(NLR Aleph) 000430214
090 _a749644
_c749644
100 _a20030916d2003 |||y0rusy50 ca
101 0 _arus
102 _aRU
105 _aa |||||||||
200 1 _aИстория России с древнейших времен до начала XVI в.
_e6 кл.
_eРабочая тетр. с контур. картами
_fС.В. Тырин, Е.В. Симонова, Г.С. Хартулари
210 _aМ.
_cДрофа
_d2003
215 _a62, [1] с.
_cил.
_d29
607 _aСССР
_jРуководства, пособия и т.п. для средней школы
_xИстория
_z9 - 16 вв.
_92120799
_3RU\NLR\auth\661280669
607 _aРоссия
_jРабочие тетради для средней школы
_xИстория
_z9 - 16 вв.
_92120795
_3RU\NLR\auth\661280668
686 _aТ3(2)4я72
700 1 _4070
_8rus
_7ca
_aТырин
_bС. В.
_cканд. ист. наук
_gСергей Владимирович
_3RU\NLR\auth\7742045
_924992
701 1 _aСимонова
_bЕ. В.
_gЕлена Викторовна
_4070
701 1 _aХартулари
_bГ. С.
_gГалина Сергеевна
_4070
801 0 _aRU
_bNLR
_c20030916
_gPSBO
801 1 _aRU
_bNLR
_c20030916
942 _cBOOK
980 _aNB